000 00511nam a2200181 a 4500
005 20240419063948.0
008 020930s1954 mx r 000 0 spa d
035 _aUPN01000119762
049 _aCG
050 4 _aHC139
_bO3 G3.8
100 1 _aGarcía Cruz, Miguel
245 1 3 _aLa seguridad social en Oaxaca /
_cMiguel García Cruz
260 _aOaxaca de Juárez :
_bIMSS,
_c1954.
300 _a44 p.
651 4 _aOAXACA -
_xCONDICIONES SOCIALES
_920723
650 4 _aSeguridad social
_96797
905 _aLibro
999 _c92112
_d92112